1927 1352 1179 1316 1730 1715 1407 1920 1611 1381 1832 1996 1153 1215 1224 1371 1793 1375 1855 1491 1401 1016 1453 1905 1271 1563 1107 1667 1916 1175 1926 1290 1269 1690 1356 1708 1386 1566 1662 1903 1757 1034 1023 1124 1584 1079 1847 1226 1034 1240 1096 1148 1673 1322 1186 1266 1690 1807 1002 1653 1231 1095 1101 1194 1238 1527 1382 1819 1390 1388 1366 1519 1956 1769 1257 1544 1154 1566 1962 1391 1194 1535 1593 1631 1495 1560 1674 1917 1404 1587 1107 1150 1771 1518 1477 1932 1827 1248 1821 BCNSPRNW ULIB Ver.6.0+V

เปลี่ยนเป็นภาษาไทย

Change to English
 แสดงรายละเอียดบรรณานุกรม
  กลับหน้าหลัก

Brief Record : Get Marc (ISO 2709) : E-mail record : QR code < ปิดหน้าต่าง
LEADER : 00000nam 2200000uu 4500
001    13399126543
003     ULIB
008    181019s2017||||th 000 0 tha d
020    ^a9781119266662
060    ^aW50^bN634A
100    ^aNicola Cooper, Anna Frain, John Frain
245    ^aABC of Clinical Professionalism
260    ^aHoboken, NJ :^bWiley Blackwell,^c2017
300    ^a81 pages;^b30 cm
650    ^aMESH:Professionalism
650    ^aPatient Care-ethics
650    ^aConfidentiality
760    ^aPart of the ABC Series series
945    ^p0^l0^i26811
999    ^aกัณชพร จุลอักษร
รายการนี้ยังไม่มีแท็ก
คุณยังไม่ได้ล็อกอิน คุณสามารถมีกิจกรรมร่วมกับเว็บไซต์ได้ แต่ต้องล็อกอินก่อน ::
  ล็อกอิน

รายการสื่อสารสนเทศ

ลำดับที่ ประเภท เลขเรียก/บาร์โค้ด สถานที่ สถานะ
1. วิทยาศาสตร์การแพทย์ และสุขภาพ
วิทยาศาสตร์การแพทย์ และสุขภาพ
W50 N634A ฉ.1 
  Barcode: 26811
ห้องสมุดวิทยาเขตนครสวรรค์
►หนังสือทั่วไป:l:General Books
บนชั้น

รายการใกล้เคียง
    ชื่อเรื่อง [ABC of Clinical Professionalism]

    ผู้แต่ง [Nicola Cooper, Anna Frain, John Frain]

    หัวเรื่อง [MESH:Professionalism]
    หัวเรื่อง [Patient Care-ethics]
    หัวเรื่อง [Confidentiality]

BibComment


ยังไม่เคยถูกคอมเมนท์

คอมเมนท์ทรัพยากรรายการนี้
  คอมเมนท์: ABC of Clinical ..


 Copyright 2026. Bcnsprnw @Library